000 00437nam a2200181 4500
003 LK-CoMWRAF
005 20230826235331.0
008 230826b2014 |||||||| |||| 00| 0 eng d
020 _a9781447246626
040 _aLK-CoMWRAF
_dLK-CoMWRAF
_eLK-CoMWRAF
041 _aeng
082 _a823
_bCOO
100 _aCook, Robin
245 _aChromosome 6
260 _aLondon :
_bBello,
_c2014.
650 _aEnglish Fiction
942 _n0
_cBK
999 _c3283
_d3283